Giáo trình lý thuyết tài chính tiền tệ (Tái bản lần thứ 10, có sửa đổi bổ sung)

Sách cung cấp cho bạn đọc những lý thuyết bổ ích về tài chính tiền tệ, giúp bạn đọc hiểu hơn về lĩnh vực vô cùng nhạy cảm này.

محفوظ في:
التفاصيل البيبلوغرافية
المؤلف الرئيسي: Nguyễn, Hữu Tài
التنسيق: كتاب
اللغة:Undetermined
منشور في: Hà Nội Đại học kinh tế quôc dân 2012
الموضوعات:
الوسوم: إضافة وسم
لا توجد وسوم, كن أول من يضع وسما على هذه التسجيلة!
Thư viện lưu trữ: Trung tâm Học liệu Trường Đại học Cần Thơ
LEADER 00942nam a2200217Ia 4500
001 CTU_179915
008 210402s9999 xx 000 0 und d
020 |c 59000 
082 |a 332.4 
082 |b T103 
100 |a Nguyễn, Hữu Tài 
245 0 |a Giáo trình lý thuyết tài chính tiền tệ 
245 0 |b (Tái bản lần thứ 10, có sửa đổi bổ sung) 
245 0 |c Nguyễn Hữu Tài (Chủ biên) 
260 |a Hà Nội 
260 |b Đại học kinh tế quôc dân 
260 |c 2012 
520 |a Sách cung cấp cho bạn đọc những lý thuyết bổ ích về tài chính tiền tệ, giúp bạn đọc hiểu hơn về lĩnh vực vô cùng nhạy cảm này. 
650 |a budget,Finance,Money,Ngân sách,Tài chính,Tiền tệ 
904 |i Trinh, Nhung 
980 |a Trung tâm Học liệu Trường Đại học Cần Thơ